Marks cheiderische Beiträge zur Bergschadenk undlichen Analyse für das Altbergwerk Friedrichshall

Podrobná bibliografia
Hlavný autor: Fugmann, Jörg (Author)
Médium: Článok
Jazyk:German
Témy:
On-line prístup:https://actamont.tuke.sk/pdf/2007/s3/10fugmann.pdf
Zdroj: 1. Acta Montanistica Slovaca 1. mimoriadne číslo 1. Roč. 12, č. 3 (2007), s. 366-370 1. 1335-1788
LEADER 01320nab#a2200397#ar4500
001 000121821
003 SVKKK
005 20180207090505.0
008 180112c2007 xo |||||||||||||||b|ger
FMT
015 |a SNBRB2018/02 
038 |a SVKKK 
040 |a SVKKK  |b slo  |e AACR2 
041 0 |a ger  |b eng 
044 |a xo  |c SK 
080 |a 622.228  |x (430)  |2 2011 
100 1 |a Fugmann, Jörg  |4 aut 
242 1 0 |a Podpora banského zememeračstva na účely prešetrovania a posúdenia opustenej bane Friedrichshall (juhozápadné Nemecko)  |y slo 
245 1 0 |a Marks cheiderische Beiträge zur Bergschadenk undlichen Analyse für das Altbergwerk Friedrichshall  |c Jörg Fugmann 
246 3 1 |a Mine Surveying Support for the Investigation and Assessment of the Abandoned Mine-Site Friedrichshall (Southwestern Germany) 
300 |b Obr. 
504 |a Bibliogr. odkazy 
546 |a Res. angl. 
650 0 4 |a podzemné bane 
650 0 4 |a opustené bane 
650 0 4 |a povrchová depresia 
651 4 |a Friedrichshall (Nemecko) 
773 0 |t Acta Montanistica Slovaca  |b mimoriadne číslo  |g Roč. 12, č. 3 (2007), s. 366-370  |x 1335-1788 
958 |a NB 
974 |a CER 
992 |a RBX 
BAS
852 |a SVKKK  |b BIB 
856 4 1 |u https://actamont.tuke.sk/pdf/2007/s3/10fugmann.pdf 
EXP
998 |a BAN